Programa general de la conmemoración del I centenario de la muerte de Jaime Balmes
Descripción Física:
[14] p. ; 34 cm
Otros Autores:
Balmes, Jaume, 1810-1848
Materias:
Balmes, Jaume
MARC
| LEADER | 00000nam a2200000Ia 4500 | ||
|---|---|---|---|
| 001 | 21889 | ||
| 008 | 160829s1948 xx 000 0 cat d | ||
| 080 | |a FU-46-21 | ||
| 245 | |a Programa general de la conmemoración del I centenario de la muerte de Jaime Balmes | ||
| 260 | |a Vitoria : |b Huecograbado Fournier, |c 1948 | ||
| 300 | |a [14] p. ; |c 34 cm | ||
| 590 | |a A la coberta: 1848 - 1948. | ||
| 590 | |a Prové de Q-230, exp. 90 | ||
| 650 | |a Balmes, Jaume | ||
| 700 | 1 | |a Balmes, Jaume, |d 1810-1848 |9 35539 | |
| 856 | 4 | |u https://media.diba.cat/diba/fitxers/arxiu/fulletons/bib_21889_baixa.pdf |y Accés lliure | |
| 856 | 4 | |u https://media.diba.cat/diba/fitxers/arxiu/fulletons/bib_21889_baixa.pdf |y Accés lliure | |
| 901 | |a Arxiu | ||
| 942 | |n 1 |2 udc | ||
| 952 | |0 0 |1 0 |4 0 |6 FU4621 |7 1 |9 54245 |a Arxiu |b Arxiu |d 2016-12-01 |l 0 |o FU-46-21 |p 21889 |r 2016-12-01 00:00:00 |w 2016-12-01 |y ARXIU | ||
| 999 | |c 58114 |d 58114 | ||
| 900 | |a bib_21889_baixa.pdf | ||